000 00536nam a2200193Ia 4500
005 20260429112102.0
008 260429s9999||||xx |||||||||||||| ||und||
020 _a9788126911806
041 _aEnglish
082 _a181.4
_bSHA
100 _aSharma,G. Ranjit
245 0 _aIdealistic philosophy of Swami Vivekananda /
_cG. Ranjit Sharma
250 _a1st ed.
260 _aNew Delhi :
_bAtlantic Publishers and Distributors,
_c2025.
300 _avi, 181 p.; hb
650 _a Vivekananda
650 _aPhilosophy
942 _cTB
999 _c52272
_d52272